Most Streamed Sabrina Carpenter Songs - Statistics

General Stats
  • This quiz has been taken 82 times
  • The average score is 11 of 20
Answer Stats
# Streams Answer % Correct
1 2,789,153,971 Espresso
100%
8 683,720,482 Manchild
92%
2 1,749,142,424 Please Please Please
92%
4 1,369,450,206 Taste
88%
5 1,059,710,881 Feather
80%
9 600,196,772 Juno
78%
3 1,496,272,107 Nonsense
78%
7 771,619,535 Bed Chem
72%
15 348,714,021 Tears
70%
12 420,070,740 Good Graces
56%
13 381,654,583 Thumbs
50%
10 478,784,095 because i liked a boy
42%
16 292,412,277 When Did You Get Hot?
41%
14 368,158,183 Busy Woman
39%
18 247,044,861 Coincidence
38%
19 232,080,440 Don't Smile
31%
11 439,475,521 Looking at Me
28%
20 230,455,546 Skin
22%
6 871,613,782 On My Way
20%
17 286,748,780 Sue Me
16%
No matching quizzes found
Score Distribution
Percent of People with Each Score
Percentile by Number Answered
Your Score History
You have not taken this quiz